प्रणाम की प्रदर्शनी में : (Record no. 113564)

MARC details
000 -LEADER
fixed length control field 01151nam a22002537a 4500
005 - DATE AND TIME OF LATEST TRANSACTION
control field 20170124102955.0
010 ## - LIBRARY OF CONGRESS CONTROL NUMBER
LC control number A-025105
020 ## - INTERNATIONAL STANDARD BOOK NUMBER
Terms of availability 20.00
035 ## - SYSTEM CONTROL NUMBER
System control number A-025105
037 ## - SOURCE OF ACQUISITION
Source of stock number/acquisition Cen Lib/Ret
040 ## - CATALOGING SOURCE
Original cataloging agency DPL
Language of cataloging HN
082 ## - DEWEY DECIMAL CLASSIFICATION NUMBER
Classification number 824
Item number शर्माआ
100 ## - MAIN ENTRY--PERSONAL NAME
Personal name शर्मा, आचार्य देवन्द्रनाथ
9 (RLIN) 52818
245 ## - TITLE STATEMENT
Title प्रणाम की प्रदर्शनी में :
Statement of responsibility, etc आचार्य देवन्द्रनाथ शर्मा
Remainder of title ललित निबंध /
246 ## - VARYING FORM OF TITLE
Title proper/short title Pranam ki pradarshani mein : lalit nibandh /
Remainder of title by Aacharya Devendra Sharma
260 ## - PUBLICATION, DISTRIBUTION, ETC. (IMPRINT)
Place of publication, distribution, etc पटना
Name of publisher, distributor, etc पारिजात प्रकाशन
Date of publication, distribution, etc 1980
270 ## - ADDRESS
City पटना
Address डाकबंगला रोड
Postal code 800001
300 ## - PHYSICAL DESCRIPTION
Extent 80पृ.
Dimensions 21सेमी(सजिल्द)
650 ## - SUBJECT ADDED ENTRY--TOPICAL TERM
Topical term or geographic name as entry element हिंदी साहित्य
9 (RLIN) 52819
650 ## - SUBJECT ADDED ENTRY--TOPICAL TERM
Topical term or geographic name as entry element हिंदी साहित्य -- कहानियां
9 (RLIN) 42761
650 ## - SUBJECT ADDED ENTRY--TOPICAL TERM
Topical term or geographic name as entry element Hindi literature
9 (RLIN) 52820
650 ## - SUBJECT ADDED ENTRY--TOPICAL TERM
Topical term or geographic name as entry element Hindi literature --Stories
9 (RLIN) 52821
942 ## - ADDED ENTRY ELEMENTS (KOHA)
Source of classification or shelving scheme Dewey Decimal Classification
Koha item type Hindi Books
Classification part 824
Call number suffix शर्माआ
Holdings
Withdrawn status Lost status Damaged status Not for loan Home library Current library Date acquired Source of acquisition Cost, normal purchase price Total Checkouts Full call number Barcode Date last seen Copy number Cost, replacement price Price effective from Koha item type
        Central Library Central Library 12/08/2015 Cen Lib/Ret 20.00   824 शर्माआ A-025105 12/08/2015 1 20.00 12/08/2015 Hindi Books

© Delhi Public Library
Hit Counter
free hit counter